Standard practical plumbing ; an exhaustive treatise on all branches of plumbing construction, including drainage and venting, ventilation, hot and cold water supply and circulation; showing the latest and best plumbing practice, special attention being given to the skilled work of the plumber, and to the theory underlying plumbing devices and operations, including a chapter of examinations for plumbers and fitters, and features of government plumbing /

Bibliographic Details
Main Author: Starbuck, R. M. (Robert Macy), 1844-1927
Format: Book
Language:English
Published: New York : The Norman W. Henley publishing co., 1923.
Edition:7th rev. and enl. ed.
Subjects:

MARC

Tag First Indicator Second Indicator Subfields
LEADER 00000cam a2200000 4500
001 in00000710421
005 20230802193902.5
008 800207s1923 nyua 000 0 eng
010 |a  23017932  
035 |a (OCoLC)05961490 
035 |9 ADE0151AM 
040 |a CLE  |c CLE  |d TXA  |d UtOrBLW 
049 |a TXAM  |c [35238] 
050 0 |a TH6122  |b .S85 1923 
092 |a 696  |b S795s7 
100 1 |a Starbuck, R. M.  |q (Robert Macy),  |d 1844-1927. 
245 1 0 |a Standard practical plumbing ;  |b an exhaustive treatise on all branches of plumbing construction, including drainage and venting, ventilation, hot and cold water supply and circulation; showing the latest and best plumbing practice, special attention being given to the skilled work of the plumber, and to the theory underlying plumbing devices and operations, including a chapter of examinations for plumbers and fitters, and features of government plumbing /  |c by R. M. Starbuck ... 
250 |a 7th rev. and enl. ed. 
264 1 |a New York :  |b The Norman W. Henley publishing co.,  |c 1923. 
300 |a 3 pages ., 11-432 pages including frontispiece, illustrations, diagrams ;  |c 24 cm. 
336 |a text  |b txt  |2 rdacontent 
337 |a unmediated  |b n  |2 rdamedia 
338 |a volume  |b nc  |2 rdacarrier 
650 0 |a Plumbing. 
999 |a MARS 
999 f f |s 4aba68c2-b16a-31f1-b9b4-6d9f551c41f9  |i f13118dc-b36e-3bed-8610-d22e14bf4045  |t 0 
952 f f |p ric  |a Texas A&M University  |b Rellis Campus  |c Joint Library Facility  |d Remote Storage  |t 0  |e TH6122 .S85 1923  |h Library of Congress classification  |i unmediated -- volume  |m A14801141416 
998 f f |a TH6122 .S85 1923  |t 0  |l Remote Storage